000 00969cam a2200253 4500
999 _c34814
_d34814
001 1302573
003 OSt
005 20200201104059.0
008 690321r19681963nyuabc b 001 0 eng
040 _coclc
082 0 0 _a942.06
_bAYL/S
100 _aAylmer, G E
_91738
245 1 4 _aThe struggle for the Constitution, 1603-1689 /
_c G. E. Aylmer
260 _aDelhi:
_bSurjeet Publications,
_c1978.
300 _a267p
350 _a3.00
490 0 _aBlandford history series. The history of England
500 _aFirst published in 1963 under titles: A short history of seventeenth-century England (New York ed.) and The struggle for the constitution, 1603-1689 (London ed.)
504 _aBibliography: p. [247]-251.
651 0 _aGreat Britain
_xHistory
_yStuarts, 1603-1714.
651 0 _aEngland
_xCivilization
_y17th century.
906 _a7
_bcbc
_corignew
_du
_encip
_f19
_gy-gencatlg
942 _2ddc
_cBK
_h942.06
_iAYL/S
_k942.06
_mAYL/S